Movies Quiz

Random Movies or Actor Quiz

Who played these 1970s film characters? Quiz Stats

 Plays Quiz not verified by Sporcle

Challenge
Share
Tweet
Embed
Score 0/30 Timer 03:00
0 Plays Today
% Correct
Harrison Ford
95.8%
George C. Scott
95.2%
Sylvester Stallone
95.2%
Olivia Newton-John
95.2%
Sigourney Weaver
95.2%
Sissy Spacek
94.6%
John Travolta
94.6%
Liza Minnelli
94%
Marlon Brando
93.4%
Jack Nicholson
93.4%
Meryl Streep
93.4%
Gene Hackman
92.8%
Mel Gibson
92.8%
Clint Eastwood
92.2%
Malcolm McDowell
91.6%
% Correct
Al Pacino
91.6%
Roy Scheider
91.6%
Gene Wilder
90.4%
Barbra Streisand
89.8%
Ali MacGraw
88.6%
Charles Bronson
88%
Richard Dreyfuss
87.4%
Donald Sutherland
86.2%
Woody Allen
84.4%
Ryan O'Neal
82.6%
Martin Sheen
81.4%
Christopher Walken
79.6%
Paul Newman
79.6%
Robert Redford
79%
Robert De Niro
79%

You're not logged in!

Compare scores with friends on all Sporcle quizzes.
OR
Log In

You Might Also Like...

Show Comments

Extras

Created May 28, 2015ReportNominate
Tags:Actor Quiz

Top Quizzes Today


Score Distribution

Your Account Isn't Verified!

In order to create a playlist on Sporcle, you need to verify the email address you used during registration. Go to your Sporcle Settings to finish the process.

Report this User

Report this user for behavior that violates our Community Guidelines.

Details: